000 00599nam a22001817a 4500
005 20251108164757.0
008 250721s1992 xx 000 0 ara d
082 1 4 _a296/شفي
100 1 _aمقار، شفيق
245 1 0 _aالمسيحية و التوراه :
_bبحث في الجذور الدينيه لصراع الشرق الأوسط /
264 1 _aليماسول-لندن :
_bرياض الريس للكتب والنشر،
_c1992.
300 _a471ص.
650 1 7 _aاليهودية
650 1 7 _aالصهيونية
650 1 7 _aالمسيحية
942 _2ddc
_cBK
999 _c14121
_d14121